Gender Inequalities, Households and the Production of Well-Being in Modern Europe / (Record no. 15436)
[ view plain ]
| 000 -LEADER | |
|---|---|
| fixed length control field | 01350cam a22003374a 4500 |
| 001 - CONTROL NUMBER | |
| control field | 16244146 |
| 005 - DATE AND TIME OF LATEST TRANSACTION | |
| control field | 20110311091646.0 |
| 008 - FIXED-LENGTH DATA ELEMENTS--GENERAL INFORMATION | |
| fixed length control field | 100520s2010 enka b 001 0 eng |
| 010 ## - LIBRARY OF CONGRESS CONTROL NUMBER | |
| LC control number | 2010020881 |
| 020 ## - INTERNATIONAL STANDARD BOOK NUMBER | |
| International Standard Book Number | 0754679683 |
| 020 ## - INTERNATIONAL STANDARD BOOK NUMBER | |
| International Standard Book Number | 9780754679684 |
| 040 ## - CATALOGING SOURCE | |
| Original cataloging agency | DLC |
| Transcribing agency | DLC |
| Modifying agency | DLC |
| 043 ## - GEOGRAPHIC AREA CODE | |
| Geographic area code | e------ |
| 050 00 - LIBRARY OF CONGRESS CALL NUMBER | |
| Classification number | HQ611 |
| Item number | .G46 2010 |
| 082 00 - DEWEY DECIMAL CLASSIFICATION NUMBER | |
| Classification number | 306.85094 |
| Edition number | 22 |
| Item number | GEN |
| 245 00 - TITLE STATEMENT | |
| Title | Gender Inequalities, Households and the Production of Well-Being in Modern Europe / |
| Statement of responsibility, etc | Tindara Addabbo ... [et al.]. |
| 260 ## - PUBLICATION, DISTRIBUTION, ETC. (IMPRINT) | |
| Place of publication, distribution, etc | Farnham ; |
| -- | Burlington, VT : |
| Name of publisher, distributor, etc | Ashgate Pub., 2010 |
| Date of publication, distribution, etc | c2010. |
| 300 ## - PHYSICAL DESCRIPTION | |
| Extent | xx, 318 p. : |
| Other physical details | ill. ; |
| Dimensions | 24 cm. |
| 490 0# - Series Statement | |
| Series statement | Gender and well-being |
| -- | 24265 |
| 504 ## - BIBLIOGRAPHY, ETC. NOTE | |
| Bibliography, etc | Includes bibliographical references (p. [271]-313) and index. |
| 650 #0 - SUBJECT ADDED ENTRY--TOPICAL TERM | |
| Topical term or geographic name as entry element | Families |
| General subdivision | Economic aspects |
| Geographic subdivision | Europe. |
| 9 (RLIN) | 24266 |
| 650 #0 - SUBJECT ADDED ENTRY--TOPICAL TERM | |
| Topical term or geographic name as entry element | Women |
| General subdivision | Economic conditions |
| Geographic subdivision | Europe. |
| 9 (RLIN) | 24267 |
| 650 #0 - SUBJECT ADDED ENTRY--TOPICAL TERM | |
| Topical term or geographic name as entry element | Caregivers |
| Geographic subdivision | Europe. |
| 9 (RLIN) | 24268 |
| 650 #0 - SUBJECT ADDED ENTRY--TOPICAL TERM | |
| Topical term or geographic name as entry element | Sexual division of labor |
| Geographic subdivision | Europe. |
| 9 (RLIN) | 24269 |
| 650 #0 - SUBJECT ADDED ENTRY--TOPICAL TERM | |
| Topical term or geographic name as entry element | Sexism |
| Geographic subdivision | Europe. |
| 9 (RLIN) | 24270 |
| 653 ## - INDEX TERM--UNCONTROLLED | |
| Resource For college | |
| Arrived date list | May2011 |
| 700 1# - ADDED ENTRY--PERSONAL NAME | |
| Personal name | Addabbo, Tindara. |
| 9 (RLIN) | 24271 |
| 942 ## - ADDED ENTRY ELEMENTS (KOHA) | |
| Source of classification or shelving scheme | Dewey Decimal Classification |
| Item type | Book - Borrowing |
| Withdrawn status | Item status | Source of classification or shelving scheme | Damaged status | Not for loan | Vendor | Home library | Current library | Shelving location | Date acquired | Source of acquisition | Cost, normal purchase price | Serial Enumeration / chronology | Total Checkouts | Full call number | Barcode | Date last seen | Date last borrowed | Koha item type |
|---|---|---|---|---|---|---|---|---|---|---|---|---|---|---|---|---|---|---|
| Dewey Decimal Classification | Baccah | Central Library | Central Library | First floor | 29/05/2011 | 877.00 | 12337 | 1 | 306.85094 GEN | 000023761 | 15/07/2025 | 14/11/2016 | Book - Borrowing |